LEADER 01143nam a2200253 4500 001 000000340212 003 CaOOAMICUS 005 20200709171149.0 008 200518s2016 it 000 u ita r 020 $a978-88-6973-178-5 040 $aSeMil$bita 100 1 $aRavasi, Gianfranco,$c.$0(OLS)http://semarc/name/244 245 10$aManzoni e la Bibbia :$bfonti bibliche nelle Osservazioni sulla morale cattolica /$cGianfranco Ravasi. 264 1$aRoma :$bSalerno,$c2016. 300 $a93 p. ;$c17 cm 650 4$aManzoni, Alessandro <1785-1873> - Opere - Studi.$0(OLS)http://semarc/subject/5723 830 0$aAstrolabio ;$v18.$0(OLS)http://semarc/title/429217 850 $aSeMil 852 $aSeMil$W1$xVenegono$y1$m1O I 275$j221362$B231334$CSeMilBibl$Z2$F231334 $81 961 $aBrambilla don Paolo - Omaggio 996 $6020$a978-88-6973-178-5$9(OLS)http://semarc/number/290330 996 $6245$aManzoni e la Bibbia :$bfonti bibliche nelle Osservazioni sulla morale cattolica$9(OLS)http://semarc/title/429218 996 $6264$aRoma :$bSalerno$9(OLS)http://semarc/publisher/30165 LEADER 01728nas a2200289 i 4500 001 000000003093 003 CaOOAMICUS 005 20210513134236.0 008 180830c19409999gw fr p u0 0ger r 022 $a0342-2410 040 $aSeMil$bita 245 00$aVerkündigung und Forschung. 260 $aMünchen :$bChr. Kaiser,$c1940- 300 $a23 cm. 310 $aSemestrale 362 0 $a1940- 500 $aDal 1993 (38. Jahrgang) pubblicazione autonoma ; l'Editore varia in : Gütersloh : Chr. Kaiser Gütersloher Verlagshaus. - Dal 2009 (54. Jahrgang) il formato varia in : 24 cm. 510 4 $aCod. rivista ACNP:$cP 00240018 700 1 $aWolf, Ernst,$d<1902-1971>.$0(OLS)http://semarc/name/1932 772 0 $tEvangelische Theologie.$dMünchen : Chr. Kaiser, 1934-$x0014-3502$w()2272 850 $aSeMil 852 $aSeMil$W1$xVenegono$y1$pCliccare per visualizzare collocazione, posseduto cumulativo e fascicoli ricevuti dell?annata corrente

Cliccare per visualizzare eventuali spogli (alla eventuale voce ?Indici? in fondo di pagina)$B228601$CSeMilBibl$Z2$F228601 $85 961 $aPubblicazione in abbonamento 996 $6022$a0342-2410$9(OLS)http://semarc/number/589 996 $6245$aVerkündigung und Forschung$9(OLS)http://semarc/title/5270 996 $6260$aMünchen :$bChr. Kaiser$9(OLS)http://semarc/publisher/29737 LEADER 00982nam a2200277 i 4500 001 000000038366 003 CaOOAMICUS 005 20110915000000.0 008 110915s1961 it u000 u ita u 013 $a8951 040 $aSeMil$bita 100 1 $aParrot, André <1901-1980>.$0(OLS)http://semarc/name/4039 245 12$aI Sumeri /$cAndré Parrot. 260 $aMilano :$bFeltrinelli,$c1961. 300 $aXLVIII, 398 p. :$bill. ;$c28 cm. 490 0 $aIl mondo della figura 500 $aFondo Ciprandi. 650 4$aArte antica.$0(OLS)http://semarc/subject/2429 650 4$aSumeri.$0(OLS)http://semarc/subject/7769 830 3$aIl mondo della figura.$0(OLS)http://semarc/title/34279 850 $aSeMil 852 $aSeMil$W1$xVenegono$y1$m5N VI 25$j4521$B4521$CSeMilBibl$Z2$F4521 $81 941 1 $a1 961 $aRecupero: Altro 996 $6245$aI Sumeri$9(OLS)http://semarc/title/54109 996 $6260$aMilano :$bFeltrinelli$9(OLS)http://semarc/publisher/30237